LEADER 01189nam--2200361---450- 001 990002184410203316 005 20090803113514.0 035 $a000218441 035 $aUSA01000218441 035 $a(ALEPH)000218441USA01 035 $a000218441 100 $a20041117d1975----km-y0itay0103----ba 101 0 $aita 102 $aIT 105 $a||||||||001yy 200 1 $a<> partenariato per l'azienda di domani$estoria della partecipazione dei dipendenti alla proprietà ed alla responsabilità nelle aziende dal 1974$fAdolfo Arturo Eibenstein$gpresentazione di Cesare Zappulli 210 $aRoma$cFondazione Luigi Einaudi$d1975 215 $aXII, 291 p.$d23 cm 410 0$12001 454 1$12001 461 1$1001-------$12001 676 $a331.0112 700 1$aEIBENSTEIN,$bAdolfo Arturo$0249051 702 1$aZAPPULLI,$bCesare 801 0$aIT$bsalbc$gISBD 912 $a990002184410203316 951 $a331.011 EIB 1 (Ig III 408)$b40880 G.$cIg III$d00241687 959 $aBK 969 $aECO 979 $aSIAV5$b10$c20041117$lUSA01$h1702 979 $aRSIAV3$b90$c20090803$lUSA01$h1135 996 $aPartenariato per l'azienda di domani$91033410 997 $aUNISA LEADER 02043oam 2200541M 450 001 9910716321303321 005 20200213070628.4 035 $a(CKB)5470000002520925 035 $a(OCoLC)1066009077 035 $a(OCoLC)995470000002520925 035 $a(EXLCZ)995470000002520925 100 $a20071213d1926 ua 0 101 0 $aeng 135 $aurcn||||||||| 181 $ctxt$2rdacontent 182 $cc$2rdamedia 183 $acr$2rdacarrier 200 10$aRenewing lease for right of way in Department of Agriculture Livestock Experiment Station, Mont. March 3, 1926. -- Committed to the Committee of the Whole House and ordered to be printed 210 1$a[Washington, D.C.] :$c[U.S. Government Printing Office],$d1926. 215 $a1 online resource (3 pages) 225 1 $aHouse report / 69th Congress, 1st session. House ;$vno. 436 225 1 $a[United States congressional serial set ] ;$v[serial no. 8532] 300 $aBatch processed record: Metadata reviewed, not verified. Some fields updated by batch processes. 300 $aFDLP item number not assigned. 606 $aAgricultural experiment stations 606 $aAgriculture$xResearch 606 $aGravel 606 $aMilitary reservations 606 $aMining leases 606 $aRailroads 606 $aRight of way 608 $aLegislative materials.$2lcgft 615 0$aAgricultural experiment stations. 615 0$aAgriculture$xResearch. 615 0$aGravel. 615 0$aMilitary reservations. 615 0$aMining leases. 615 0$aRailroads. 615 0$aRight of way. 701 $aHaugen$b Gilbert Nelson$f1859-1933$pRepublican (IA)$01386820 801 0$bWYU 801 1$bWYU 801 2$bOCLCO 801 2$bOCLCQ 906 $aBOOK 912 $a9910716321303321 996 $aRenewing lease for right of way in Department of Agriculture Livestock Experiment Station, Mont. March 3, 1926. -- Committed to the Committee of the Whole House and ordered to be printed$93470623 997 $aUNINA